| 000 | 00780nas a2200217 a 4500 | ||
|---|---|---|---|
| 008 | 061103c19809999||||||||||||||||| || u | ||
| 050 | _aUNZA-IAS(05)ASR/29 | ||
| 100 | _aShaw, Christopher P | ||
| 245 | 1 | 4 |
_aThe University of Zambia and the national manpower requirements _cBy Christopher P. Shaw |
| 260 |
_aLusaka _bUniversity of Zambia _c1980 |
||
| 300 | _a741-765pp. | ||
| 350 | _a0.00 | ||
| 362 | 1 | _a30, Dec. 1980; 32, Dec. 1981; 33, June 1982 | |
| 490 | _aAfrican Social Research | ||
| 500 | _aVolume 29 | ||
| 650 | 0 | _aSOCIOLOGY | |
| 650 | _aMANPOWER DEVELOPMENT--UNIVERSITY OF ZAMBIA | ||
| 710 | _aUniversity of Zambia. Institute for African Studies | ||
| 780 | _aRhodes-Livingstone Journal of Human Problems in Central Africa | ||
| 785 | _aAfrican Social Research | ||
| 999 |
_c60901 _d60901 |
||